| 000 | 01226cad a22002295a 4500 | ||
|---|---|---|---|
| 001 | E154378 | ||
| 008 | 111122s2011 xxk f 000 0 eng d | ||
| 020 | _a9781842198292 | ||
| 035 | _a(Sirsi) u154378 | ||
| 041 | 0 | _aeng | |
| 050 | 0 | 4 | _a333.02354 $2 20 |
| 110 | 2 |
_aJones Lang LaSalle _93755 |
|
| 245 | 0 | 0 |
_aReal estate and construction professionals in India by 2020 _ba demand and supply assessment of specialized skill-sets in built environment _h[electronic resource] |
| 260 |
_aLondon _bRICS _c2011 |
||
| 490 | 0 | _aRICS Research | |
| 520 | _aAssesses the importance of the built environment to India's future economic growth, in the light of population trends and the subsequent possible demand for real estate space and infrastructure. Discusses the types of professions which will be needed, and suggests that there is a demand-supply gap in the range of 82-86% in the core professions group, made up of civil engineers, architects and planners, which could inhibit India's future growth. | ||
| 590 | _aKA | ||
| 651 | 4 | _aIndia | |
| 690 | _aCAREERS, EDUCATION AND TRAINING | ||
| 856 | 4 | 0 |
_uhttps://www.rics.org/Global/India_Skill_Set_181112_dwl_aj.pdf _zView the report free of charge at www.rics.org |
| 942 | _n0 | ||
| 999 |
_c112959 _d112959 |
||